Tilastot visalle Valtiot, joiden nimessä on AAA

Klikkaa tästä pelataksesi tätä visaa!

Yleistilastot

  • Tätä visaa on pelattu 454 kertaa
  • Keskiarvotulos 21 / 32

Vastaustilastot

vihjevaltio% Oikein
3 x AKanada
91%
3 x AAustralia
85%
3 x AAfganistan
81%
3 x APanama
79%
4 x ASaudi-Arabia
79%
3 x AKazakstan
78%
4 x AAlankomaat
77%
3 x AAzerbaidžan
76%
3 x ABahama
76%
4 x AMadagaskar
76%
3 x AYhdistyneet arabiemiirikunnat
76%
4 x AMarshallinsaaret
75%
3 x ASalomonsaaret
74%
6 x ADominikaaninen tasavalta
71%
3 x AAlbania
70%
6 x AKongon demokraattinen tasavalta
69%
4 x AKongon tasavalta
69%
3 x ATansania
65%
3 x AMauritania
64%
3 x AThaimaa
64%
4 x AVatikaanivaltio
63%
3 x AJamaika
62%
3 x APapua-Uusi-Guinea
62%
5 x AAntigua ja Barbuda
60%
6 x AKeski-Afrikan tasavalta
59%
5 x APäiväntasaajan Guinea
57%
3 x ASaint Vincent ja Grenadiinit
54%
3 x AParaguay
51%
3 x ANicaragua
50%
3 x ATrinidad ja Tobago
49%
3 x AGuatemala
44%
3 x ABosnia ja Hertsegovina
43%

Tulosjakauma

Persentiili vastausten määrän mukaan

Jokaisen tuloksen saaneiden osuus

Tuloshistoriasi

Et ole pelannut tätä visaa